banner koha

Cultivo de milho verde consorciado com feijoeiro, sob irrigacao, no inverno: uso eficiente dos recursos (Registro n. 289600)

MARC details
000 -LÍDER
campo de controle de tamanho fixo 01162nac a22003617a 4500
001 - NÚMERO DE CONTROLE
campo de controle BR9901296
003 - IDENTIFICADOR DO NÚMERO DE CONTROLE
campo de controle BR-BrBNA
005 - DATA E HORÁRIO DA ÚLTIMA TRANSAÇÃO
campo de controle 20240105122153.0
008 - CAMPO DE DADOS FIXOS--INFORMAÇÃO GERAL
campo de controle de tamanho fixo 230509b bl.|||m| |||| 00| 0 por d
040 ## - FONTE DA CATALOGAÇÃO
Instituição da catalogação original BR-BrBNA
Idioma da catalogação por
Instituição que transcreveu o registro Biblioteca Nacional de Agricultura
072 ## - CÓDIGO DE CATEGORIA DE ASSUNTO
Código de Categoria de Assunto F08
090 ## - NÚMERO DE CHAMADA LOCAL
Número de chamada 0120 BR9901296
100 1# - ENTRADA PRINCIPAL--NOME PESSOAL
Nome pessoal Kluthcouski, J.
100 1# - ENTRADA PRINCIPAL--NOME PESSOAL
Nome pessoal Oliveira, I.P. de
100 1# - ENTRADA PRINCIPAL--NOME PESSOAL
Nome pessoal Soares, D.M.
100 1# - ENTRADA PRINCIPAL--NOME PESSOAL
Nome pessoal Peloso, M.J.D.
100 1# - ENTRADA PRINCIPAL--NOME PESSOAL
Nome pessoal Yokoyama, L.P.
100 1# - ENTRADA PRINCIPAL--NOME PESSOAL
Nome pessoal Balbino, L.C.
100 1# - ENTRADA PRINCIPAL--NOME PESSOAL
Nome pessoal Buso, L.H.
110 1# - ENTRADA PRINCIPAL--NOME CORPORATIVO
Nome corporativo ou nome da jurisdição Centro Nacional de Pesquisa em Arroz e Feijao, Goiania, GO (Brasil)
245 1# - TÍTULO
Título Cultivo de milho verde consorciado com feijoeiro, sob irrigacao, no inverno: uso eficiente dos recursos
260 3# - PUBLICAÇÃO, DISTRIBUIÇÃO, ETC.
Local de publicação, distribuição, etc. Goiania, GO (Brasil):
Data da publicação, distribuição, etc. 1997.
300 ## - DESCRIÇÃO FÍSICA
Extensão 34 p.
490 ## - TÍTULO DA SÉRIE
Título da série Circular Tecnica - Centro Nacional de Pesquisa em Arroz e Feijao (Brazil)
Número do volume ou designação sequencial da série no. 29
ISSN - International Standard Serial Number
500 ## - NOTA GERAL
Nota geral 15 ref.; 15 tables
650 ## - ASSUNTO--TERMO TÓPICO
Cabeçalho tópico ou nome geográfico Milho Verde
650 ## - ASSUNTO--TERMO TÓPICO
Cabeçalho tópico ou nome geográfico Feijao
650 ## - ASSUNTO--TERMO TÓPICO
Cabeçalho tópico ou nome geográfico Consorciacao de Cultura
650 ## - ASSUNTO--TERMO TÓPICO
Cabeçalho tópico ou nome geográfico Relacao Agua-Planta
650 ## - ASSUNTO--TERMO TÓPICO
Cabeçalho tópico ou nome geográfico Sistema de Cultivo
909 ## -
-- 202312
-- Lúcia Elande
-- 55
-- Lúcia Elande
942 ## - ELEMENTOS DE ENTRADA ADICIONADOS (KOHA)
Fonte da classificação ou esquema de arquivamento na estante Classificação AGRIS
Ocultar no OPAC Não
Tipo de material Koha Monografia Seriada
Exemplares
Situação do descarte Fonte da classificação ou esquema de arquivamento na estante Situação física Não pode ser emprestado Coleção Biblioteca de origem Biblioteca atual Localização na estante Total de empréstimos Número de telefone completo Código de barras Data de último acesso Tipo de material Koha Fonte de aquisição
  Classificação AGRIS       Biblioteca Nacional de Agricultura - Binagri Biblioteca Nacional de Agricultura - Binagri Agrobase - Acervo Geral   0120 BR9901296 0120 BR9901296 18/12/2023 Monografia Seriada Portaria Interministerial nº 164/94

BINAGRI

Telefone: (61)3218-2567/2388/3357/2097 - binagri@agro.gov.br

Ministério da Agricultura e Pecuária , Esplanada dos Ministérios, Bloco D, Anexo B, Brasília/DF, CEP: 70.043-900